Time-compression technologies, Europe : the magazine for fast & efficient design engineering teams
Saved in:
| New Title | The tct magazine |
|---|---|
| Previous Title | Rapid News Europe |
| Format | Journal |
| Language | English |
| Published |
Tattenhall :
Rapid News Publications ,
1999-2005
|
| Subjects | |
| ISSN | 1467-1360 1751-0333 |
| Physical Description | 13 sv. : il. ; 30 cm |
Cover
| LEADER | 00000nas a2200000 a 4500 | ||
|---|---|---|---|
| 001 | 76681 | ||
| 003 | CZ-ZlUTB | ||
| 005 | 20240829154337.0 | ||
| 007 | ta | ||
| 008 | 150306d19952005xxkbr p 0 a0engsd | ||
| 022 | |a 1467-1360 | ||
| 040 | |a ZLD002 |b cze | ||
| 072 | 7 | |a 62 |x Technika všeobecně |2 Konspekt |9 19 | |
| 080 | |a 005.933.1 |2 MRF | ||
| 080 | |a 004.62 |2 MRF | ||
| 080 | |a 7.05:62 |2 MRF | ||
| 080 | |a (051)-027.561 |2 MRF | ||
| 210 | 0 | |a Time-compress. technol. Eur. | |
| 222 | 0 | |a Time-compression technologies Europe | |
| 245 | 0 | 0 | |a Time-compression technologies, Europe : |b the magazine for fast & efficient design engineering teams |
| 260 | |a Tattenhall : |b Rapid News Publications , |c 1999-2005 | ||
| 300 | |a 13 sv. : |c il. ; |c 30 cm | ||
| 310 | |a 6 x ročně | ||
| 650 | 0 | 7 | |a konstruování |7 ph121814 |2 czenas |
| 650 | 0 | 7 | |a zpracování dat |7 ph127675 |2 czenas |
| 650 | 0 | 7 | |a průmyslový design |7 ph124756 |2 czenas |
| 650 | 0 | 9 | |a engineering design |2 eczenas |
| 650 | 0 | 9 | |a data processing |2 eczenas |
| 650 | 0 | 9 | |a industrial design |2 eczenas |
| 655 | 7 | |a odborné časopisy |7 fd132951 |2 czenas | |
| 655 | 9 | |a professional journals |2 eczenas | |
| 780 | 0 | 0 | |t Rapid News Europe |
| 785 | 0 | 0 | |t The tct magazine |x 1751-0333 |
| 910 | |a ZLD002 |r 2003-2005 | ||
| 952 | |0 0 |1 0 |4 0 |7 0 |8 ISSBD |9 132382 |a UTBZL |b UTBZL |c 001 |d 2015-03-06 |h vol.11:no.1-6(2003) |l 0 |p 76740-10 |r 2019-08-26 00:00:00 |w 2019-08-26 |x 20100831 |y 01 | ||
| 952 | |0 0 |1 0 |4 0 |7 0 |8 ISSBD |9 132383 |a UTBZL |b UTBZL |c 001 |d 2015-03-06 |h vol.12:no.1-6(2004) |l 0 |p 76740-20 |r 2019-08-26 00:00:00 |w 2019-08-26 |y 01 | ||
| 952 | |0 0 |1 0 |4 0 |7 0 |8 ISSBD |9 132384 |a UTBZL |b UTBZL |c 001 |d 2015-03-06 |h vol.13:no.1-6(2005) |l 0 |p 76740-30 |r 2019-08-26 00:00:00 |w 2019-08-26 |y 01 | ||
| 992 | |a SE |b SK | ||
| 999 | |c 76681 |d 76681 | ||